000
00312nam a22001217a 4500
082
_a
330.1
100
_a
A.Koutsoyiannis
245
_a
Theory of econometrics an introductory exposition of econometric methods
250
_a
2nd ed.
260
_a
Islamabad
_b
Tahir printing press
300
_a
681p
942
_c
BK
999
_c
2621
_d
2621